000 00631nam a2200229Ia 4500
005 20250108125002.0
008 008 250107s9999 xx 000 0 eng d
020 _a978-93-5684-047-8
037 _aTB
040 _aCRL
_beng
_cCRL
041 _aeng
_2eng
084 _aX:(Z2) R1
084 _qCRL
100 _aSaraswati Satyananda
_9204687
245 0 _aSurya namaskara: a technique of solar vitalization
_cSaraswati Satyananda
260 _aBihar, India
_bYoga Publications
_c2896
300 _a97p.
365 _aINR
_b360
650 _aSPIRITUALISM
942 _cTB
_hX:(Z2) R1
999 _c1235284
_d1235284